Monetaristický pohled na vývoj české ekonomiky
Monetaristický pohľad na hospodárske cykly. Výhody a úskalia monetaristického vysvetlenia vývoja českej ekonomiky v druhej polovice 90. rokov. Problém stability dôchodkovej rýchlostí peňazí a ich vzťah k zahraničnému obchodu. Empirická analýza vplyvu peňažných agregátov na domáci dopyt.
Na minha lista:
| Autor principal: | |
|---|---|
| Formato: | Capítulo de Livro |
| Idioma: | tcheco |
| Assuntos: | |
| Tags: |
Sem tags, seja o primeiro a adicionar uma tag!
|
MARC
| LEADER | 00000naa a2200000 4500 | ||
|---|---|---|---|
| 001 | r042096 | ||
| 005 | 20231002111327.7 | ||
| 041 | 0 | |a cze | |
| 044 | |a CZ | ||
| 245 | 1 | 0 | |a Monetaristický pohled na vývoj české ekonomiky |c Jan Kubíček |
| 520 | |a Monetaristický pohľad na hospodárske cykly. Výhody a úskalia monetaristického vysvetlenia vývoja českej ekonomiky v druhej polovice 90. rokov. Problém stability dôchodkovej rýchlostí peňazí a ich vzťah k zahraničnému obchodu. Empirická analýza vplyvu peňažných agregátov na domáci dopyt. | ||
| 610 | 2 | 0 | |a situácia hospodárska |
| 610 | 2 | 0 | |a Česko |
| 610 | 2 | 0 | |a monetarizmus |
| 610 | 2 | 0 | |a cykly hospodárske |
| 610 | 2 | 0 | |a peniaze |
| 610 | 2 | 0 | |a miera inflácie |
| 610 | 2 | 0 | |a obchod zahraničný |
| 100 | 1 | |a Kubíček, Jan | |